|
|
|
|
| LEADER |
00721nam a2200205 a 4500 |
| 001 |
c000088132 |
| 003 |
CARM |
| 005 |
00000000000000.0 |
| 008 |
930105s1935 enk 00011 eng d |
| 019 |
1 |
|
|a 9721583
|z 26068983
|5 LACONCORD2021
|
| 035 |
|
|
|a (OCoLC)12739797
|5 LACONCORD2021
|
| 040 |
|
|
|a VLINC
|c VLINC
|
| 100 |
1 |
|
|a Dilnot, George,
|d 1883-
|
| 245 |
1 |
0 |
|a Murder masquerade /
|c George Dilnot.
|
| 260 |
|
|
|a London :
|b Bles,
|c 1935.
|
| 300 |
|
|
|a 288 p. ;
|c 19 cm.
|
| 852 |
8 |
|
|b CARM
|h A2:AM24G0
|i A00696
|p 0098707
|f BK
|
| 082 |
0 |
4 |
|a 823.912
|2 20
|
| 999 |
f |
f |
|i d1e599f2-1a51-5a52-bb38-479bb4783066
|s 8a1bfe3b-5b52-5dd0-bf7d-cbaa463862ae
|
| 952 |
f |
f |
|p Can circulate
|a CAVAL
|b CAVAL
|c CAVAL
|d CARM 1 Store
|e A00696
|f A2:AM24G0
|h Other scheme
|i book
|m 0098707
|